000 01477cam a2200361 a 4500
001 EDZ0000072107
003 StDuBDS
005 20161031105149.0
006 m||||||||d||||||||
007 cr |||||||||||
008 120412s2007 cau fo| 001|0|eng|d
020 _a9781452225869 (ebook) :
_cNo price
040 _aStDuBDS
_beng
_cStDuBDS
_epn
049 _aAlfaisal Main Library
050 0 _aRC489.S74
_bN42 2007
082 0 4 _a616.89165
_223
245 0 0 _aNarrative therapy
_h[electronic resource] :
_bmaking meaning, making lives /
_cCatrina Brown, Tod Augusta-Scott, editors.
260 _aThousand Oaks, Calif. ;
_aLondon :
_bSAGE,
_cc2007.
300 _a1 online resource (xliii, 324 p.)
504 _aIncludes bibliographical references and index.
520 8 _aThis edited volume introduces students to the history and theory of narrative therapy. It situates this approach to theory and practice within the context of various feminist, post-modern and critical theories.
521 _aSpecialized.
588 _aDescription based on print version record.
504 _aIncludes bibliographical references and index.
650 0 _aNarrative therapy.
655 7 _aElectronic books.
_2local
700 1 _aBrown, Catrina.
700 1 _aAugusta-Scott, Tod.
710 2 _aSage eBooks
776 0 8 _iPrint version :
_z9781412909884
856 4 0 _uhttp://ezproxy.alfaisal.edu/login?url=http://sk.sagepub.com/books/narrative-therapy
942 _2lcc
_cEBOOKS
999 _c480719
_d480719